<?xml version="1.0" encoding="UTF-8"?>
<record
    xmlns:xsi="http://www.w3.org/2001/XMLSchema-instance"
    xsi:schemaLocation="http://www.loc.gov/MARC21/slim http://www.loc.gov/standards/marcxml/schema/MARC21slim.xsd"
    xmlns="http://www.loc.gov/MARC21/slim">

  <leader>01114nam a22002177a 4500</leader>
  <controlfield tag="008">110830t        xxu||||| |||| 00| 0 eng d</controlfield>
  <datafield tag="020" ind1=" " ind2=" ">
    <subfield code="a">053453578X 9780534535780</subfield>
  </datafield>
  <datafield tag="050" ind1=" " ind2=" ">
    <subfield code="a">BC177 .K34</subfield>
  </datafield>
  <datafield tag="100" ind1=" " ind2=" ">
    <subfield code="a"> Kahane, Howard</subfield>
    <subfield code="q">Howard Kahane</subfield>
  </datafield>
  <datafield tag="245" ind1=" " ind2=" ">
    <subfield code="a">Logic and contemporary rhetoric : the use of reason in everyday life</subfield>
    <subfield code="c">Howard Kahane, Nancy Cavender.</subfield>
  </datafield>
  <datafield tag="250" ind1=" " ind2=" ">
    <subfield code="a">9th ed.</subfield>
  </datafield>
  <datafield tag="260" ind1=" " ind2=" ">
    <subfield code="a">Australia ; Belmont, CA </subfield>
    <subfield code="b">Wadsworth Thomson Learning</subfield>
    <subfield code="c">[2002]</subfield>
  </datafield>
  <datafield tag="300" ind1=" " ind2=" ">
    <subfield code="a">xv, 393 p.</subfield>
    <subfield code="b">ill. </subfield>
    <subfield code="c">24 cm</subfield>
  </datafield>
  <datafield tag="500" ind1=" " ind2=" ">
    <subfield code="a">Includes index</subfield>
  </datafield>
  <datafield tag="505" ind1=" " ind2=" ">
    <subfield code="a">Contents: Good and bad reasoning -- More on deduction and induction -- Fallacious reasoning 1 -- Fallacious reasoning 2 -- Fallacious reasoning 3 -- Psychological impediments to cogent reasoning : shooting ourselves in the foot --  Language -- Evaluating extended arguments --  Writing cogent (and persuasive) essays -- Advertising : selling the product -- Managing the news -- Textbooks : managing worldviews -- More on cogent reasoning </subfield>
  </datafield>
  <datafield tag="650" ind1=" " ind2=" ">
    <subfield code="a">Reasoning</subfield>
  </datafield>
  <datafield tag="650" ind1=" " ind2=" ">
    <subfield code="a">Fallacies (Logic)</subfield>
  </datafield>
  <datafield tag="650" ind1=" " ind2=" ">
    <subfield code="a">Judgment (Logic)</subfield>
  </datafield>
  <datafield tag="700" ind1=" " ind2=" ">
    <subfield code="a"> Cavender, Nancy</subfield>
  </datafield>
  <datafield tag="942" ind1=" " ind2=" ">
    <subfield code="2">lcc</subfield>
    <subfield code="c">BK</subfield>
  </datafield>
  <datafield tag="999" ind1=" " ind2=" ">
    <subfield code="c">42</subfield>
    <subfield code="d">7542</subfield>
  </datafield>
  <datafield tag="952" ind1=" " ind2=" ">
    <subfield code="0">0</subfield>
    <subfield code="1">0</subfield>
    <subfield code="2">lcc</subfield>
    <subfield code="4">0</subfield>
    <subfield code="7">0</subfield>
    <subfield code="a">WIUC-1</subfield>
    <subfield code="b">WIUC-1</subfield>
    <subfield code="c">GEN</subfield>
    <subfield code="d">2011-08-30</subfield>
    <subfield code="l">0</subfield>
    <subfield code="o">BC177 .K34</subfield>
    <subfield code="p">117/11</subfield>
    <subfield code="r">2011-08-30 00:00:00</subfield>
    <subfield code="t">1</subfield>
    <subfield code="w">2011-08-30</subfield>
    <subfield code="y">BK</subfield>
  </datafield>
  <datafield tag="952" ind1=" " ind2=" ">
    <subfield code="0">0</subfield>
    <subfield code="1">0</subfield>
    <subfield code="2">lcc</subfield>
    <subfield code="4">0</subfield>
    <subfield code="7">0</subfield>
    <subfield code="a">WIUC-1</subfield>
    <subfield code="b">WIUC-1</subfield>
    <subfield code="c">GEN</subfield>
    <subfield code="d">2011-08-30</subfield>
    <subfield code="l">0</subfield>
    <subfield code="o">BC177 .K341</subfield>
    <subfield code="p">118/11</subfield>
    <subfield code="r">2011-08-30 00:00:00</subfield>
    <subfield code="t">2</subfield>
    <subfield code="w">2011-08-30</subfield>
    <subfield code="y">BK</subfield>
  </datafield>
  <datafield tag="952" ind1=" " ind2=" ">
    <subfield code="0">0</subfield>
    <subfield code="1">0</subfield>
    <subfield code="2">lcc</subfield>
    <subfield code="4">0</subfield>
    <subfield code="7">0</subfield>
    <subfield code="a">WIUC-1</subfield>
    <subfield code="b">WIUC-1</subfield>
    <subfield code="c">GEN</subfield>
    <subfield code="d">2011-08-30</subfield>
    <subfield code="l">0</subfield>
    <subfield code="o">BC177 .K342</subfield>
    <subfield code="p">119/11</subfield>
    <subfield code="r">2011-08-30 00:00:00</subfield>
    <subfield code="t">3</subfield>
    <subfield code="w">2011-08-30</subfield>
    <subfield code="y">BK</subfield>
  </datafield>
</record>
